[Event "Unterfranken-ch HB 48th"]
[Site "Bergrheinfeld"]
[Date "1997.??.??"]
[Round "4"]
[White "Koehler, Daniel"]
[Black "Burzler, Anette"]
[Result "1/2-1/2"]
[WhiteElo "1534"]
[BlackElo "1431"]
[PlyCount "44"]
[EventDate "1997.03.31"]
[EventType "swiss"]
[EventRounds "9"]
[EventCountry "GER"]
[SourceTitle "EXT 2015"]
[Source "ChessBase"]
[SourceDate "2014.11.20"]
[SourceVersion "1"]
[SourceVersionDate "2014.11.20"]
[SourceQuality "1"]

1. e4 c5 2. Nf3 Nc6 3. d4 cxd4 4. Nxd4 g6 5. Nc3 Bg7 6. Be3 d6 7. Bb5 Bd7 8. Nde2 Nf6 9. f3 0-0 10. Qd2 Ne5 11. Bxd7 Nc4 12. Qd3 Nxe3 13. Qxe3 Qxd7 14. 0-0 a6 15. Rac1 Rac8 16. b3 Qc6 17. Na4 Nd7 18. c4 Rfe8 19. Nec3 e6 20. Rfd1 Red8 21. Ne2 Qc7 22. Rc2 Qa5 1/2-1/2

[Event "Unterfranken-ch HB 48th"]
[Site "Bergrheinfeld"]
[Date "1997.??.??"]
[Round "6"]
[White "Koehler, Daniel"]
[Black "Fries, Gerald"]
[Result "1-0"]
[WhiteElo "1534"]
[BlackElo "1627"]
[PlyCount "125"]
[EventDate "1997.03.31"]
[EventType "swiss"]
[EventRounds "9"]
[EventCountry "GER"]
[SourceTitle "EXT 2015"]
[Source "ChessBase"]
[SourceDate "2014.11.20"]
[SourceVersion "1"]
[SourceVersionDate "2014.11.20"]
[SourceQuality "1"]

1. e4 d6 2. d4 g6 3. Be3 Bg7 4. Nc3 Nc6 5. Nf3 a6 6. Be2 Nf6 7. d5 Nb8 8. Qd2 0-0 9. Bh6 e6 10. Bxg7 Kxg7 11. 0-0-0 Nbd7 12. dxe6 fxe6 13. e5 Ne8 14. h4 h6 15. Rh3 d5 16. Bd3 c5 17. Rg3 Rf5 18. Bxf5 exf5 19. Qxd5 Qe7 20. h5 g5 21. e6 Nf8 22. Qxf5 Bxe6 23. Qe5+ Kg8 24. Nxg5 hxg5 25. Rxg5+ Kh7 26. Qxc5 Qf7 27. h6 Rc8 28. Qe3 Ng6 29. g3 Bf5 30. Re1 Bd7 31. f4 Nd6 32. g4 Re8 33. Qf2 Rxe1+ 34. Qxe1 Qxf4+ 35. Qd2 Qxd2+ 36. Kxd2 Be6 37. a3 Kxh6 38. Rc5 Bxg4 39. b4 Be6 40. Kc1 Ne7 41. Re5 Nef5 42. Rxe6+ Kg7 43. a4 Kf7 44. Re1 Nc4 45. b5 Nfd6 46. Kb1 axb5 47. axb5 Na3+ 48. Kb2 Naxb5 49. Nxb5 Nxb5 50. c4 Nc7 51. Kb3 Ne6 52. Kb4 Nd4 53. Rb1 b6 54. Ka4 Ke7 55. Rxb6 Kd7 56. c5 Kc7 57. Rh6 Kb7 58. Kb4 Nc6+ 59. Kc4 Kc7 60. Rh7+ Kb8 61. Kb5 Nd4+ 62. Kb6 Kc8 63. c6 1-0